00683nam a2200193 i 450000100060000000300090000600500170001500700030003200800410003510000280007624500960010426000450020030000220024570000370026774000230030485200210032799900170034895201240036526124ES-MaACL20230906153406.0t|030107s1883 sp ||||1| spa d1 aArnould, Arthur.92311810aZoe / cnovela escrita por Arthur Arnould ; Traducción al español por E. Pastor Bedoya. aMadrid : b[s.n., c1883] (fEl Liberal) a359 p. ; c18 cm.0 aPastor y Bedoya, Enrique.9895290 aChercher la femme. aES-MaACLjG-9723 c26124d26124 001040708LIBXIXaATENEOMbATENEOMcSPP3d2008-01-17eSCl0oG-9723p1026960r2023-02-23 00:00:00w2023-02-23yMONANT